| 000 | 00651nam a2200169 i 4500 | ||
|---|---|---|---|
| 001 | 156044 | ||
| 003 | ES-MaACL | ||
| 005 | 20230906210313.0 | ||
| 008 | 010615s1879 sp |||| | spa d | ||
| 040 |
_aCCPB | B _bspa _cCCPB | B |
||
| 245 | 0 | 0 | _aInstrucción general sobre la manera de redactar los documentos públicos sujetos a registro en las provincias de Cuba y Puerto-Rico. |
| 250 | _aEd. oficial. | ||
| 260 |
_aMadrid : _bImprenta Nacional, _c1879. |
||
| 300 |
_a31 p. ; _c20 cm. |
||
| 650 | 4 |
_aDocumentos administrativos. _9135938 |
|
| 852 |
_aES-MaACL _jT-334-F-4 _z-- Enc. hol. _q-- Falto de la cub. original _z-- Enc. en un vol. facticio |
||
| 999 |
_c156044 _d156044 |
||